| 000 | 00688nam a2200229Ii 4500 | ||
|---|---|---|---|
| 003 | JO-AjNU | ||
| 008 | 230605s9999||||xx |||||||||||||| ||und|| | ||
| 017 | _a2011/5/1613 | ||
| 020 | _a978/9957/359/5 | ||
| 040 |
_aJO-AjNU _bara _erda _cJO-AjNU |
||
| 041 | _aara | ||
| 050 | 1 | 4 | _aQ180.2012 |
| 100 | 3 |
_aعطار، طلال محمد نور, _eauthor _933884 |
|
| 245 | 0 | 0 | _aالمدخل الى البحث العلمي |
| 250 | _aط1 | ||
| 264 | 3 | 1 | _aعمان:دار اسامة ، 2012 |
| 300 | _a254ص | ||
| 336 |
_atext _btxt _2rdacontent |
||
| 337 |
_aunmediated _bn _2rdamedia |
||
| 338 |
_avolume _bnc _2rdacarrier |
||
| 650 | 4 |
_aطرق البحث -البحث العلمي _933885 |
|
| 999 |
_aA13836 _c17404 _d17404 |
||